| 000 | 01090nam a2200301Ia 4500 | ||
|---|---|---|---|
| 001 | 17406 | ||
| 003 | BD-RjUL | ||
| 005 | 20211209000131.0 | ||
| 008 | 140217s19851996ja a b 001 0 eng d | ||
| 020 | _a4770019920 | ||
| 035 | _a(BD-RjUL)17464 | ||
| 040 |
_aCGP _cCGP _dBOS _dBD-RjUL _beng |
||
| 041 | 1 |
_aeng _hjpn |
|
| 082 |
_a720.952 _bNIW 1996 |
||
| 090 |
_aNA1553 _b.N5713 1996 |
||
| 100 | 1 |
_aNishi, Kazuo, _d1938- _953641 |
|
| 245 | 1 | 0 |
_aWhat is Japanese architecture? / _cKazuo Nishi and Kazuo Hozumi ; translated, adapted, and with an introduction by H. Mack Horton. |
| 250 | _a1st pbk. ed. | ||
| 260 |
_aTokyo ; _aNew York : _bKodansha International, _cc1985 [Reprinted 1996]. |
||
| 300 |
_a144 p. : _bill. ; _c26 cm. |
||
| 500 | _aTranslation of: Nihon kenchiku no katachi. | ||
| 504 | _aIncludes bibiographical references (p. 140-142 ) and index. | ||
| 650 | 0 |
_aArchitecture _zJapan _xHistory _yTo 1868. _953642 |
|
| 650 | 0 |
_aArchitecture _zJapan _xDesigns and plans. _953643 |
|
| 700 | 1 |
_aHozumi, Kazuo, _d1930- _953644 |
|
| 942 |
_2ddc _cBK |
||
| 999 |
_c17406 _d17406 |
||